LEADER 00953nam--2200337---450 001 990000452830203316 005 20210526112539.0 010 $a0-300-06397-0 035 $a0045283 035 $aUSA010045283 035 $a(ALEPH)000045283USA01 035 $a0045283 100 $a20010518d1994----km-y0itay0103----ba 101 $aeng 102 $aUS 105 $a||||||||001yy 200 1 $a<> sense of place, a sense of time$fJohn Brickerhoff Jackson 210 $aNew Haven$cYale university press$d1994 215 $aIX, 212 p.$d21 cm 410 $12001 606 0 $aNuovo Messico$xDescrizioni 606 0 $aNuovo Messico$xVita sociale 676 $a978.9 700 1$aBRINCKERHOFF JACKSON,$bJohn$0376484 801 0$aIT$bsalbc$gISBD 912 $a990000452830203316 951 $aX.3.B. 2013(III E 2005)$b144344 L.M.$cIII E 2005 959 $aBK 969 $aUMA 996 $aSENSE OF PLACE, A SENSE OF TIME$9450216 997 $aUNISA LEADER 00931nam0 22002773i 450 001 NAP0059749 005 20231121125557.0 100 $a20221111d1961 ||||0itac50 ba 101 | $aita 102 $ait 181 1$6z01$ai $bxxxe 182 1$6z01$an 200 1 $aFederico Chabod$fRosario Romeo 210 $aRoma$cFamija Piemonteisa$dstampa 1961 215 $a21 p.$d25 cm. 606 $aCHABOD, FEDERICO$xCelebrazioni$2FIR$3NAPC025054$9I 676 $a907.202$9Storici e storiografi.$v22 700 1$aRomeo$b, Rosario$3CFIV019051$4070$033443 801 3$aIT$bIT-01$c20221111 850 $aIT-FR0017 899 $aBiblioteca umanistica Giorgio Aprea$bFR0017 $eN 912 $aNAP0059749 950 0$aBiblioteca umanistica Giorgio Aprea$d 52DGA OPU 44$e 52SBA0000286515 VMB RS $fA $h20221111$i20221111 977 $a 52 996 $aFederico Chabod$93611702 997 $aUNICAS